000 01069cam a2200205 4500
001 WB3834-08
008 020916n2002 000 0 eng u
035 _a(Sirsi) u119687
245 _aNew sustainable development plan guidance
260 _c2002
490 _aRICS Planning & Development Faculty News
_v15 September 2002, (1)
520 _aThe Welsh Assembly has told local councils how they can make their development plans sustainable development friendly. "Sustainability appraisal of unitary development plans in Wales: a good practice guide" sets out advice on applying sustainability appraisal techniques when preparing unitary development plans. The guidance drawn up by Baker Associates is available at www.wales.gov.uk/subiplanning/content/devplans/udp-sas-summary-e.htm www.rics.org/ricscms/bin/show?class=News&template=/includes/shownews.html&id=3639
590 _aWB
650 _aSUSTAINABLE DEVELOPMENT
650 _aUNITARY DEVELOPMENT PLANS
650 _aWALES
650 _aGUIDANCE
690 _aDEVELOPMENT-SUSTAINABLE
942 _n0
999 _c71150
_d71150